• 首页
  • 本馆介绍
  • 公告通知
  • 最新文献
  • 馆藏检索
  • 电子资源
  • 读者导购
  • 参考咨询
  • 我的图书馆
  • 登录
  • 详细信息显示
  • 放入我的书架
  • 预约/预借图书
  • 作者相关作品
  • 分类相关作品
  • 丛书相关作品
  • 出版社相关作品

书目信息

  • 表格格式
  • 工作单格式
  • 卡片格式
书名: Electronics and circuit analysis using MATLAB
作者: John Okyere Attia.
分册号:
分册名:
出版地: Boca Raton, Fla :
 
出版社: CRC Press
出版时间: c1999.
页数: 378 p. :
开本: 25 cm. +
丛书名:
中图分类号:
科图分类号:
其他分类号: TN1
主题词:
电子资源: http://www.loc.gov/catdir/enhancements/fy0661/98046071-d.html     
000 01282cam a2200313 a 450
001 E0731020683
005 20070426083939.73
008 980917s1999 flua b 001 0 eng
010    @a98046071
020    @a0849311764 (alk. paper).
035    @A(DLC) 98046071
040    @aDLC@cDLC@dDLC
050 00 @aTK7835@b.A88 1999
082 00 @a621.381/0285@2 21
090    @aTN1
099    @dTN1@ex4
100 1  @aAttia, John Okyere.
245 10 @aElectronics and circuit analysis using MATLAB / @cJohn Okyere Attia.
260    @aBoca Raton, Fla :@bCRC Press,@cc1999.
300    @a378 p. :@bill. ;@c25 cm. +@e1 computer disk (3 1/2 in.).
504    @aIncludes bibliographical references and index.
538    @aSystem requirements for accompanying computer disk: IBM compatible; Microsoft office 95.
630 00 @aMATLAB.
650  0 @aElectronics@xData processing.
650  0 @aElectric circuit analysis@xData processing.
856 42 @3 Publisher description@uhttp://www.loc.gov/catdir/enhancements/fy0661/98046071-d.html
906    @a7@bcbc@corignew@d1@eocip@f19@gy-gencatlg
955    @apc05 to ja00 09-17-98; jf07 to subj. 09-17-98; jf11 to sl 09-18-98;jf12 09-18-98 to ddc; jk00 03-08-99; jk15 CIP ver. 04-27-99
991    @bc-MRC@hTK7835@i.A88 1999@tCopy 1@wBOOKS
    
    Electronics and circuit analysis using MATLAB / / John Okyere Attia.-Boca Raton, Fla : : CRC Press, , c1999.
    378 p. : : ill. ; ; 25 cm. + + 1 computer disk (3 1/2 in.).
    Includes bibliographical references and index.-System requirements for accompanying computer disk: IBM compatible; Microsoft office 95.
    
    ISBN 0849311764 (alk. paper).
    
●
相关链接 在E读中查询图书 在五车中查询图书 在当当中查询图书 在豆瓣中查询图书


正题名:Electronics and circuit analysis using MATLAB     索取号:TN1/x4         预约/预借

序号 登录号 条形码 馆藏地/架位号 状态 备注
1 5385   300053858   第二样本阅览室/ [索取号:TN1/x4] 在馆    
2 5386   300053867   第四借阅区/ [索取号:TN1/x4] 在馆    
3 5387   300053876   第四借阅区/ [索取号:TN1/x4] 在馆    
唐山师范学院图书馆 欢迎您!
大连网信软件有限公司© 版权所有